Favorite Greek myths / (Record no. 3342)

MARC details
000 -LEADER
fixed length control field 01088pam a2200325 a 4500
001 - CONTROL NUMBER
control field 3342
003 - CONTROL NUMBER IDENTIFIER
control field FISKH
005 - DATE AND TIME OF LATEST TRANSACTION
control field 20240228154901.0
008 - FIXED-LENGTH DATA ELEMENTS--GENERAL INFORMATION
fixed length control field 871124s1989 nyua j b 001 0 eng
010 ## - LIBRARY OF CONGRESS CONTROL NUMBER
LC control number 87032332
020 ## - INTERNATIONAL STANDARD BOOK NUMBER
International Standard Book Number 0590413384 :
020 ## - INTERNATIONAL STANDARD BOOK NUMBER
International Standard Book Number 9780590413398
040 ## - CATALOGING SOURCE
Original cataloging agency DLC
Transcribing agency DLC
Modifying agency DLC
Language of cataloging eng
042 ## - AUTHENTICATION CODE
Authentication code lcac
043 ## - GEOGRAPHIC AREA CODE
Geographic area code e-gr---
050 00 - LIBRARY OF CONGRESS CALL NUMBER
Classification number BL782
Item number .O86 1989
082 00 - DEWEY DECIMAL CLASSIFICATION NUMBER
Classification number 292/.13
Edition number 19
100 1# - MAIN ENTRY--PERSONAL NAME
Personal name Osborne, Mary Pope.
245 10 - TITLE STATEMENT
Title Favorite Greek myths /
Statement of responsibility, etc. retold by Mary Pope Osborne ; illustrated by Troy Howell.
260 ## - PUBLICATION, DISTRIBUTION, ETC.
Place of publication, distribution, etc. New York :
Name of publisher, distributor, etc. Scholastic,
Date of publication, distribution, etc. 1989.
300 ## - PHYSICAL DESCRIPTION
Extent 81 pages :
Other physical details color illustrations ;
Dimensions 28 cm
504 ## - BIBLIOGRAPHY, ETC. NOTE
Bibliography, etc. note Includes bibliographical references.
520 ## - SUMMARY, ETC.
Summary, etc. Retells twelve tales from Greek mythology, including the stories of King Midas, Echo and Narcissus, the Golden Apples, and Cupid and Psyche.
650 #0 - SUBJECT ADDED ENTRY--TOPICAL TERM
Topical term or geographic name entry element Mythology, Greek
General subdivision Juvenile literature.
650 #1 - SUBJECT ADDED ENTRY--TOPICAL TERM
Topical term or geographic name entry element Mythology, Greek.
700 1# - ADDED ENTRY--PERSONAL NAME
Personal name Howell, Troy,
Relator term illustrator
906 ## - LOCAL DATA ELEMENT F, LDF (RLIN)
a 7
b cbc
c orignew
d 1
e ocip
f 19
g y-gencatlg
942 ## - ADDED ENTRY ELEMENTS (KOHA)
Source of classification or shelving scheme Dewey Decimal Classification
Koha item type Books
Suppress in OPAC No
Holdings
Withdrawn status Lost status Source of classification or shelving scheme Damaged status Not for loan Collection Home library Current library Shelving location Date acquired Total Checkouts Full call number Barcode Date last seen Price effective from Koha item type
    Dewey Decimal Classification     Non-Fiction Footprints International School Library Network Toul Kork Campus Footprints International School Library Network Toul Kork Campus   02/28/2024   OSB 292.13 BL782.O86 FISSE01274 02/28/2024 02/28/2024 Books